Statistics for Bordering Countries Multiple Choice #1

Click here to take the quiz!

General Stats

  • This quiz has been taken 61 times
  • The average score is 12 of 15

Answer Stats

QuestionAnswer% Correct
SwitzerlandAustria
93%
MoroccoAlgeria
91%
Saudi ArabiaYemen
89%
SpainAndorra
88%
KazakhstanRussia
88%
BrazilBolivia
86%
IndonesiaEast Timor
86%
NepalChina
80%
SerbiaHungary
80%
AlbaniaGreece
79%
Papua New GuineaIndonesia
77%
GuatemalaHonduras
75%
GhanaIvory Coast
64%
UgandaRwanda
61%
D.R. CongoTanzania
46%

Score Distribution

Percentile by Number Answered

Percent of People with Each Score

Your Score History

You have not taken this quiz